Born in Paris - Statistics

General Stats
  • This quiz has been taken 20 times
    8 since last reset
  • The average score is 29 of 87
Answer Stats
Hint Answer % Correct
Singer, "La vie en rose" "Non, je ne regrette rien" 1915 Édith Piaf
86%
Physicist and Nobel Prize of chemistry winner with his wife 1900 Frédéric Joliot-Curie
86%
Physicist, chemist and Nobel Prize winner with her husband. Daughter of two Nobel Prize winners. 1897 Iréne Joliot-Curie
86%
Physicist, he received the Nobel Prize with his wife 1859 Pierre Curie
86%
Impressionist painter with a famous garden in Giverny, "Water Lilies" 1840 Claude Monet
71%
Writer, "J'accuse" 1840 Émile Zola
71%
former President of France, Prime Minister and Mayor of Paris 1932 Jacques Chirac
71%
Academy Award winning Actress, "La vie en rose" "Inception" "The Dark Knight Rises" 1975 Marion Cotillard
71%
First President of France and later Emperor of France 1808 Napoleon III
71%
Tennis player and creator of a tennis shirt with a Crocodile logo 1904 René Lacoste
71%
famous Enlightenment writer and philosopher 1694 Voltaire
71%
Founder of Citroen 1878 André Citroen
57%
DJ and music producer, "Titanium" "She Wolf" 1967 David Guetta
57%
Composer of the Romantic era, "Carmen" 1838 Georges Bizet
57%
Philosopher and key figure of Existentialism 1905 Jean-Paul Sartre
57%
Clergyman and Louis XIII's chief minister. Depicted in "The Three Musketeers" 1585 Kardinal Richelieu
57%
Director, "Léon: The Professional" "Lucy" "The Fifth Element" 1959 Luc Besson
57%
Novelist and critic, "In Search of Lost Time" 1871 Marcel Proust
57%
one of the most famous French writers, best known for his comedies 1622 Molière
57%
former President of France, who is convicted of corruption 1955 Nicolas Sarkozy
57%
Polish-French director, "The Pianist" "Chinatown" "Rosemary's Baby" 1933 Roman Polanski
57%
Philosopher, writer and feminist. In a lifelong relationship with ^ 1908 Simone de Beauvoir
57%
Sculptor, generally considered the founder of modern sculpture, "The Thinker" 1840 Auguste Rodin
43%
Actress, model, singer and sex symbol of the 50s and 60s 1934 Brigitte Bardot
43%
Modernist painter, his works are considered part of the start of modern art 1832 Édouard Manet
43%
Actress, "Casino Royale" "300: Rise of an Empire" "Miss Peregrine's Home for Peculiar Children" 1980 Eva Green
43%
French national player, FC Bayern Munich 1996 Kingsley Coman
43%
French national player, Paris Saint Germain 1998 Kylian Mbappé
43%
former French international player, Crystal Palace (former PSG and Liverpool defender) 1990 Mahmadou Sakho
43%
French national player, Chelsea 1991 N'Golo Kanté
43%
Artist, he spent ten years in French Polynesia and painted the landscapes and people 1848 Paul Gauguin
43%
German engineer and inventor of the Diesel Engine 1858 Rudolf Diesel
43%
Algerian national player, (FC Porto, Grenada, Stade Rennes) 1990 Yacine Brahimi
43%
President of the European Central Bank and first woman in this position 1956 Christine Lagarde
29%
former NBA-Player and Hall of Famer, Atlanta Hawks 1960 Dominique Wilkins
29%
Impressionist artist and sculptor, "The Ballet Class" 1834 Edgar Degas
29%
Singer and winner of the Eurovision Song Contest for Luxembourg, "Elle, elle l'a" 1947 France Gall
29%
Director, "8 femmes" "Swimming Pool" 1967 Francois Ozon
29%
Director of the French New Wave, "Jules and Jim" "The 400 Blows" "Stolen Kisses" 1932 Francois Truffaut
29%
Pioneer of cinema, played by Ben Kingsley in Martin Scorsese's "Hugo", his most famous work is "A Trip to the Moon" 1861 Georges Méliès
29%
Director of the French New Wave, "Breathless" "My Life to Live" 1930 Jean-Luc Godard
29%
Palme d'or winning Director, "Titane" "Raw" 1983 Julia Ducournau
29%
Actress, "Kill Bill" "Inglorious Basterds" 1966 Julie Dreyfus
29%
former French national player, (Real Madrid, Chelsea, Marseille) 1985 Lassana Diarra
29%
Actress, "Spectre" "No Time to Die" "Blue is the Warmest Colour" "Inglorious Basterds" 1985 Léa Seydoux
29%
Actress, "Inglorious Basterds" "Now You See Me" "6 Underground" 1983 Mélanie Laurent
29%
Academy Award winning director "The Artist" "OSS 111"-series 1967 Michel Hazanavicius
29%
Actress "Blue is the Warmest Colour" 1993 Adèle Exarchopoulos
14%
Actress, "Portrait of a Lady on Fire" 1989 Adèle Haenel
14%
Academy Award winning film composer "Grand Budapest Hotel" "Shape of Water" 1961 Alexandre Desplat
14%
French-Israeli singer and participant of the Eurovision Song Contest for France, "J'ai cherché" "Les rues de ma peine" 1984 Amir
14%
Physicist who was awarded the 2023 Nobel Prize in Physics 1958 Anne L'Huillier
14%
Composer of the Romantic era, "The Carnival of Animals" 1835 Camille Saint-Saens
14%
French-Armenian singer, "La Bohème" "Hier encore" 1924 Charles Aznavour
14%
Actor, "Serial (Bad) Weddings" "Asterix" "Les Visiteurs" 1952 Christian Clavier
14%
Journalist and general director of the Tour de France 1960 Christian Prudhomme
14%
Novelist and playwright, best known as inspiration for Edmond Rostand's most noted drama 1619 Cyrano de Bergerac
14%
DJ and music producer, "Lean On" "Let Me Love You" 1986 DJ Snake
14%
Australian actress, "Tenet" "The Great Gatsby" 1990 Elizabeth Debicki
14%
British actress, "Harry Potter" "The Perks of Being a Wallflower" "Pretty Women" 1990 Emma Watson
14%
Director, "The Intouchables" "Samba" 1971 Éric Toledano
14%
Pharmacist and founder of L'Oréal 1881 Eugène Schueller
14%
former President and moderate Republican politician 1841 Félix Faure
14%
Director and writer, "The Father" 1979 Florian Zeller
14%
Actor, "The Intouchables" "Tell No One" 1955 Francois Cluzet
14%
Tennis player 1986 Gael Monfils
14%
Musician of the electronic music duo Daft Punk "One More Time" "Get Lucky" 1974 Guy-Manuel de Homem-Christo
14%
Actress, "Elle" "The Piano Teacher" "Amour" 1953 Isabelle Huppert
14%
Singer-songwriter, "Là-bas" "Je te donne" 1951 Jean-Jacques Goldman
14%
Actress, "Jules et Jim" "La Notte" 1928 Jeanne Moreau
14%
Singer and actor, "Le pénitencier" "L'envie" "Quelque chose de Tennessee" 1943 Johnny Hallyday
14%
French national player, Chelsea 1998 Jules Koundé
14%
Socialist politician and three time Prime Minister 1872 Léon Blum
14%
Physicist, best known for demonstrating the effect of Earth's rotation and credited with naming the gyroscope 1819 Léon Foucault
14%
Heiress and socialite. One of the principial shareholders of L'Oréal and the richest woman at the time of her death 1922 Liliane Bettencourt
14%
Director, "The Increbible Hulk" "The Transporter" 1973 Louis Leterrier
14%
DJ and music producer, "Intoxicated" "Hello" 1976 Martin Solveig
14%
Actor, "La Haine" "Amélie" 1967 Mathieu Kassovitz
14%
Director, "Serial (Bad) Weddings" 1965 Philippe de Chauveron
14%
Founder of the International Olympic Comittee, known as father of the modern Olympic Games 1863 Pierre de Coubertin
14%
American-French entrepreneur and founder of eBay 1967 Pierre Omidyar
14%
Comic book writer and director, "Astérix" "Lucky Luke" "Le Petit Nicolas" 1926 René Goscinny
14%
Provocative singer, author and actor, one of the most important figures of French pop culture 1928 Serge Gainesbourg
14%
Actress, "La Boum" "Braveheart" 1966 Sophie Marceau
14%
^ 1975 Thomas Bangalter
14%
Actor, "Black Swan" "Ocean's 12" 1966 Vincent Cassel
14%
Writer, "Carnage" "Art" 1959 Yasmina Reza
14%
No matching quizzes found
Score Distribution
Percent of People with Each Score
Percentile by Number Answered
Your Score History
You have not taken this quiz since the last reset